| 000 | 02698cam a22003737a 4500 | ||
|---|---|---|---|
| 001 | 16542852 | ||
| 003 | URS | ||
| 005 | 20220114171721.0 | ||
| 007 | co ug||||||||| | ||
| 008 | 101118s2010 caua f 001 0 eng d | ||
| 010 | _a 2010283852 | ||
| 020 | _a9780321701770 | ||
| 020 | _a0321701771 | ||
| 035 | _a(OCoLC)ocn642698311 | ||
| 042 | _alccopycat | ||
| 050 | 0 | 0 |
_aTK5105.8885.D74 _bM36 2010 |
| 082 | 0 | 4 |
_a006.74 _222 |
| 100 | 1 | _aMaivald, James J. | |
| 245 | 1 | 0 |
_aAdobe Dreamweaver CS5 : _bclassroom in a book : the official training workbook from Adobe Systems / _c[James J. Maivald]. |
| 260 |
_aBerkeley, Calif. : _bAdobe Press, _cc2010. |
||
| 300 |
_axix, 427 p. : _bcol. ill. ; _c24 cm. + _e1 DVD-ROM. |
||
| 490 | 1 | _aClassroom in a book | |
| 500 | _aIncludes index. | ||
| 500 | _aIncludes a Windows and Mac OS compatible DVD-ROM with lesson files and 1-2 hours of premium video training from Learn Adobe Dreamweaver CS5 by Video. | ||
| 505 | 2 | _aStarting up -- Bridge lesson 1: using Adobe Bridge -- Photoshop lesson 1: exploring Photoshop -- Photoshop lesson 2: getting to know the workspace -- Photoshop lesson 3: the basics of working with Photoshop -- Photoshop lesson 4: making the best selections -- Photoshop lesson 5: painting and retouching -- Photoshop lesson 6: creating a good image -- Dreamweaver lesson 1: Dreamweaver CS5 jumpstart -- Dreamweaver lesson 2: setting up a new site -- Dreamweaver lesson 3: adding text and images -- Dreamweaver lesson 4: styling your pages with CSS -- Dreamweaver lesson 5: managing your web site: reports, optimization, and maintenance -- Flash lesson 1: Flash CS5 jumpstart -- Flash lesson 2: getting started with the drawing tools -- Flash lesson 3: creating basic animation -- Flash lesson 4: delivering your final movie -- Fireworks lesson 1: Adobe Fireworks jumpstart -- Illustrator lesson 1: Illustrator CS5 essentials -- Illustrator lesson 2: adding color -- Illustrator lesson 3: working with the drawing tools -- InDesign lesson 1: InDesign CS5 essential skills -- InDesign lesson 2: building documents with master pages -- InDesign lesson 3: working with text and type -- InDesign lesson 4: working with styles -- InDesign lesson 5: working with graphics. | |
| 630 | 0 | 0 |
_aDreamweaver (Computer file) _vHandbooks, manuals, etc. |
| 650 | 0 |
_aHTML editors (Computer programs) _vHandbooks, manuals, etc. |
|
| 650 | 0 |
_aWeb sites _xAuthoring programs _vHandbooks, manuals, etc. |
|
| 710 | 2 | _aAdobe Systems. | |
| 830 | 0 | _aClassroom in a book. | |
| 906 |
_a7 _bcbc _ccopycat _d2 _encip _f20 _gy-gencatlg |
||
| 942 |
_2lcc _cFR |
||
| 999 |
_c14580 _d14580 |
||